[Event "Mallorca-ch B"]
[Site "Palma de Mallorca"]
[Date "2018.11.10"]
[Round "1.4"]
[White "Garcia Comendador, Simon"]
[Black "Viada Pons De Vall, Carles"]
[Result "0-1"]
[WhiteElo "1808"]
[BlackElo "1715"]
[PlyCount "82"]
[EventDate "2018.11.10"]
[EventType "swiss"]
[EventRounds "6"]
[EventCountry "ESP"]
[SourceTitle "EXT 2024"]
[Source "ChessBase"]
[SourceDate "2023.10.10"]
[SourceVersion "1"]
[SourceVersionDate "2023.10.10"]
[SourceQuality "1"]

1. Na3 Nf6 2. c4 g6 3. Nc2 Bg7 4. d4 d6 5. Bg5 0-0 6. Nf3 c5 7. Bxf6 Bxf6 8. e3 Bg4 9. Be2 Nc6 10. 0-0 cxd4 11. exd4 Rc8 12. h3 Bf5 13. Ne3 Bd7 14. Qd2 Qb6 15. Nd5 Qd8 16. Nxf6+ exf6 17. Qf4 Qe7 18. Rfe1 f5 19. Bf1 Qf6 20. d5 Nb4 21. Qd2 Na6 22. Re3 Nc5 23. Rae1 Ne4 24. Qd4 Qxd4 25. Nxd4 Rfe8 26. b3 Kg7 27. g4 h6 28. gxf5 gxf5 29. f3 Ng3 30. Rxe8 Rxe8 31. Rxe8 Bxe8 32. Kf2 f4 33. h4 Kf6 34. b4 Ke5 35. Ne2 Nxe2 36. Kxe2 Kd4 37. Kd2 b6 38. a3 f6 39. Be2 Ba4 40. c5 bxc5 41. bxc5 Kxc5 0-1

[Event "Calvia Amateur op 15th"]
[Site "Calvia"]
[Date "2018.10.13"]
[Round "8"]
[White "Garcia Comendador, Simon"]
[Black "Ramis Sebastia, Jordi Salvador"]
[Result "1-0"]
[WhiteElo "1825"]
[BlackElo "1554"]
[PlyCount "57"]
[EventDate "2018.10.06"]
[EventType "swiss"]
[EventRounds "9"]
[EventCountry "ESP"]
[SourceTitle "CBM 186 Extra"]
[Source "ChessBase"]
[SourceDate "2018.08.24"]
[SourceVersion "1"]
[SourceVersionDate "2018.08.24"]
[SourceQuality "1"]

1. b4 e6 2. Bb2 Nf6 3. b5 c6 4. e3 cxb5 5. Bxb5 a6 6. Bc4 b5 7. Bb3 Bb7 8. Nf3 d5 9. Nc3 Bd6 10. 0-0 0-0 11. Ne2 Nbd7 12. Ng3 Nc5 13. Ne5 Nxb3 14. axb3 Nd7 15. Ng4 f5 16. Nh5 e5 17. f4 fxg4 18. Qxg4 Qe7 19. fxe5 Nxe5 20. Qd4 Rxf1+ 21. Rxf1 Rf8 22. Nf4 Qf7 23. Qb6 Bb8 24. Ba3 Re8 25. Ne6 Qd7 26. Nc5 Qd6 27. Qxb7 Ng4 28. Qf7+ Kh8 29. Qxe8+ 1-0

[Event "Calvia Amateur op 15th"]
[Site "Calvia"]
[Date "2018.10.10"]
[Round "5"]
[White "Hardwick, A William"]
[Black "Garcia Comendador, Simon"]
[Result "0-1"]
[WhiteElo "1544"]
[BlackElo "1825"]
[PlyCount "42"]
[EventDate "2018.10.06"]
[EventType "swiss"]
[EventRounds "9"]
[EventCountry "ESP"]
[SourceTitle "CBM 186 Extra"]
[Source "ChessBase"]
[SourceDate "2018.08.24"]
[SourceVersion "1"]
[SourceVersionDate "2018.08.24"]
[SourceQuality "1"]

1. d4 Nc6 2. Nf3 d5 3. Bf4 Nf6 4. Nbd2 g6 5. c3 Bg7 6. e3 0-0 7. Be2 Nh5 8. Bg5 Qd6 9. e4 dxe4 10. Nxe4 Qd5 11. Qc2 Bf5 12. Bd3 e5 13. c4 Qa5+ 14. Bd2 Nb4 15. Qc3 Nxd3+ 16. Qxd3 Nf4 17. Qf1 Qb6 18. Bc3 Bxe4 19. Rd1 Bxf3 20. gxf3 exd4 21. Bd2 Rfe8+ 0-1

[Event "Calvia Amateur op 14th"]
[Site "Calvia"]
[Date "2017.10.15"]
[Round "9"]
[White "Ruiz Vinals, Matias"]
[Black "Garcia Comendador, Simon"]
[Result "0-1"]
[WhiteElo "1991"]
[BlackElo "1768"]
[PlyCount "102"]
[EventDate "2017.10.07"]
[EventType "swiss"]
[EventRounds "9"]
[EventCountry "ESP"]
[SourceTitle "EXT 2019"]
[Source "ChessBase"]
[SourceDate "2018.10.10"]
[SourceVersion "1"]
[SourceVersionDate "2018.10.10"]
[SourceQuality "1"]

1. d4 Nc6 2. Nf3 d5 3. Bf4 Bf5 4. c3 h6 5. e3 g5 6. Bg3 Bg7 7. Qb3 Rb8 8. Na3 a6 9. c4 e6 10. Rc1 Nge7 11. Be2 0-0 12. 0-0 Be4 13. Rfd1 Nf5 14. Be5 Bxf3 15. Bxf3 Bxe5 16. dxe5 Nxe5 17. cxd5 Nxf3+ 18. gxf3 Nh4 19. f4 Nf3+ 20. Kg2 g4 21. h3 Qh4 22. hxg4 Qxg4+ 23. Kf1 h5 24. dxe6 fxe6 25. Rxc7 Rfd8 26. Rcd7 Rxd7 27. Rxd7 Rc8 28. Nc4 Nh2+ 29. Ke1 Qg1+ 30. Kd2 Qxf2+ 31. Kc3 b5 32. Kb4 Rxc4+ 33. Ka5 Ra4+ 34. Kb6 Re4 35. Kxa6 Rxe3 36. Qd1 Qxb2 37. Rd8+ Kg7 38. Qd7+ Kh6 39. Qe8 Ra3+ 40. Kb6 Qf2+ 41. Kxb5 Qb2+ 42. Kc5 Rc3+ 43. Kd6 Qb4+ 44. Kd7 Rd3+ 45. Kc7 Qa5+ 46. Kc8 Qxd8+ 47. Qxd8 Rxd8+ 48. Kxd8 Nf3 49. a4 Nd4 50. Ke7 h4 51. a5 h3 0-1

[Event "Calvia Amateur op 11th"]
[Site "Calvia"]
[Date "2014.10.06"]
[Round "3"]
[White "Garcia Comendador, Simon"]
[Black "Ferrer Agus, Rodrigo"]
[Result "1-0"]
[WhiteElo "1692"]
[BlackElo "1331"]
[PlyCount "55"]
[EventDate "2014.10.04"]
[EventType "swiss"]
[EventRounds "9"]
[EventCountry "ESP"]
[SourceTitle "EXT 2015"]
[Source "ChessBase"]
[SourceDate "2014.11.20"]
[SourceVersion "1"]
[SourceVersionDate "2014.11.20"]
[SourceQuality "1"]

1. e4 e5 2. Nf3 Nc6 3. Bc4 Nf6 4. Ng5 d5 5. exd5 b5 6. Bxb5 Qxd5 7. Bxc6+ Qxc6 8. 0-0 Bb7 9. f3 Bc5+ 10. Kh1 0-0 11. d3 h6 12. Ne4 Rad8 13. Nbc3 Bd4 14. Qe2 Bxc3 15. Nxc3 Rfe8 16. Be3 Nd5 17. Nxd5 Qxd5 18. Bxa7 Ra8 19. Qf2 Qb5 20. a4 Qxb2 21. Rab1 Qa3 22. Rxb7 Qxa4 23. Rxc7 Qa5 24. Bb6 Qa6 25. f4 exf4 26. Qxf4 f6 27. Rxg7+ Kh8 28. Qxh6# 1-0

[Event "Mallorca Summer 1st"]
[Site "Palma de Mallorca"]
[Date "2012.07.19"]
[Round "6"]
[White "Carranza Pons, Ricardo Nelson"]
[Black "Garcia Comendador, Simon"]
[Result "1/2-1/2"]
[WhiteElo "1743"]
[BlackElo "1638"]
[PlyCount "81"]
[EventDate "2012.07.09"]
[EventType "swiss"]
[EventRounds "8"]
[EventCountry "ESP"]
[SourceTitle "EXT 2014"]
[Source "ChessBase"]
[SourceDate "2013.11.20"]
[SourceVersion "1"]
[SourceVersionDate "2013.11.20"]
[SourceQuality "1"]

1. e4 e5 2. Nf3 Nf6 3. Nxe5 d6 4. Nf3 Nxe4 5. d4 d5 6. Bd3 f5 7. Ne5 Qf6 8. Bxe4 fxe4 9. Qh5+ g6 10. Qg5 Bg7 11. Nc3 c6 12. 0-0 0-0 13. Qxf6 Bxf6 14. Be3 Nd7 15. Ng4 Bg7 16. Bh6 Nf6 17. Bxg7 Kxg7 18. Nxf6 Rxf6 19. Nd1 b6 20. Ne3 Ba6 21. Rfd1 Raf8 22. Rd2 h5 23. b3 g5 24. c4 Bb7 25. cxd5 cxd5 26. Rc1 Rc6 27. Rxc6 Bxc6 28. Rc2 Rf6 29. a3 Kf7 30. b4 b5 31. g3 Ke7 32. Nf5+ Kd7 33. g4 h4 34. Rc3 Bb7 35. f3 Rc6 36. Rxc6 Bxc6 37. fxe4 dxe4 38. Ne3 Kd6 39. Kf2 Bd5 40. Kg1 Bc4 41. Kf2 1/2-1/2

[Event "Mallorca Summer 1st"]
[Site "Palma de Mallorca"]
[Date "2012.07.17"]
[Round "5"]
[White "Garcia Comendador, Simon"]
[Black "Contreras Cabot, Marc"]
[Result "1/2-1/2"]
[WhiteElo "1638"]
[BlackElo "1807"]
[PlyCount "58"]
[EventDate "2012.07.09"]
[EventType "swiss"]
[EventRounds "8"]
[EventCountry "ESP"]
[SourceTitle "EXT 2014"]
[Source "ChessBase"]
[SourceDate "2013.11.20"]
[SourceVersion "1"]
[SourceVersionDate "2013.11.20"]
[SourceQuality "1"]

1. e4 c5 2. Nf3 d6 3. d4 cxd4 4. Qxd4 Nc6 5. Qe3 g6 6. a3 Bh6 7. Qc3 e5 8. Bxh6 Nxh6 9. Nbd2 Be6 10. h3 0-0 11. g4 f6 12. Bd3 Rc8 13. Nf1 Nd4 14. Nxd4 Rxc3 15. Nxe6 Qc8 16. Nxf8 Kxf8 17. Ne3 Rc6 18. 0-0 Kg7 19. f4 Nf7 20. Nd5 Qd8 21. Rf2 exf4 22. Rxf4 Ne5 23. Rxf6 Nxd3 24. cxd3 Rc2 25. Raf1 Qa5 26. g5 Qc5+ 27. Kh1 Rc1 28. Rf7+ Kg8 29. Rf8+ Kg7 1/2-1/2

[Event "Mallorca Summer 1st"]
[Site "Palma de Mallorca"]
[Date "2012.07.12"]
[Round "3"]
[White "Garcia Comendador, Simon"]
[Black "Asensio Ramos, Enrique Fernando"]
[Result "0-1"]
[WhiteElo "1638"]
[BlackElo "1881"]
[PlyCount "50"]
[EventDate "2012.07.09"]
[EventType "swiss"]
[EventRounds "8"]
[EventCountry "ESP"]
[SourceTitle "EXT 2014"]
[Source "ChessBase"]
[SourceDate "2013.11.20"]
[SourceVersion "1"]
[SourceVersionDate "2013.11.20"]
[SourceQuality "1"]

1. e4 Nf6 2. Nc3 e5 3. Bc4 Nc6 4. d3 d6 5. a3 Be7 6. Nge2 0-0 7. f4 Be6 8. Nd5 Bxd5 9. exd5 Nd4 10. 0-0 c6 11. fxe5 dxe5 12. dxc6 Nxc6 13. Ng3 b5 14. Ba2 Qb6+ 15. Kh1 Rad8 16. Nf5 h6 17. Qf3 Kh7 18. Qh3 Ng8 19. b4 Nd4 20. Be3 Qc6 21. Bxd4 exd4 22. Nxe7 Nxe7 23. Rxf7 Qxc2 24. Qe6 Ng6 25. Raf1 Rxf7 0-1